| 000 | 00669nam a22002175i 4500 | ||
|---|---|---|---|
| 001 | 172145 | ||
| 003 | ES-MaACL | ||
| 005 | 20250805062616.0 | ||
| 008 | 090616s1987 xxk |||| | eng d | ||
| 020 | _a0-7456-0210-X | ||
| 080 | _a316 | ||
| 245 | 0 | 0 |
_aSocial theory today / _cedited by Anthony Giddens and Jonathan H. Turner. |
| 260 |
_aCambridge : _bPolity Press ; _aOxford : _bBasil Blackwell, _c1987. |
||
| 300 |
_a428 p. ; _c24 cm. |
||
| 504 | _aBibliografía. | ||
| 650 | 1 | 7 |
_aSociología _2embne _917195 |
| 700 | 1 |
_aGiddens, Anthony. _956672 |
|
| 700 | 0 |
_aTurner, Jonathan H. _9111738 |
|
| 852 |
_aES-MaACL _jG-6999 _9R.114371 |
||
| 999 |
_c172145 _d172145 |
||